000 03852nam0a22004931 4500
001 RU\NLR\A1\26159
005 20260407090950.0
035 _a(NLR Aleph) 009680478
090 _a9699792
_c9699792
100 _a19990819d1748 m y0rusy50 ca
101 2 _arus
_ager
102 _aRU
135 _acrcn 024anaba
140 _ay y zz yaa0000
200 1 _aОписание и изъяснение фейерверка и иллуминации, при благополучном и всерадостном прибытии в Москву ея величества всепресветлейшия, державнейшия и непобедимыя государыни императрицы Елисаветы Петровны, самодержицы всероссийския и прочая, и прочая, и прочая.
_eВ новой 1749 год пред императорским Летним дворцом представленных
_dBeschreibung und Erklärung de Feuerwercks und der Illumination welche in Moskau nach glücklicher und höchsterfreulicher Ankunfft Ihro Majestät der allerdurchlauchtigsten, grobmächtigsten und unüberwindlichsten Kayserin Elisabeth Petrowna, Selbstherrscherin aller Reußen &c. &c. &c.
_eam Neu-Jahrs-Abend 1749. auf dem Kayserl. Schlob-Platz aufgeführet worden
_zger
210 _aПечатано в Санктпетербурге
_cпри Императорской Академии наук
_d[1748]
215 _a[6] с., [1] л. ил.
_d2°
300 _aЗагл. и текст парал. на рус. и нем. яз.
300 _aИздано в конце 1748 г.
300 _aТираж 625 экз.
316 _aЭкз. РНБ (18.330.7) в сост. картон. пер., оклеен. зеленой с рисунком бумагой, с зеленовым ледериновым корешком и уголками. На нижней крышке пер. экслибрис РНБ с шифром. Экз. рестарирован методом налива бумаж. массы. Экз. деф.: отсутствует ил. Размер: 37,8х24,4х0,4 см
_5NLR: 18.330.7
321 1 _aСК XVIII 8483
321 1 _aТюличев. Материалы о некоторых изданиях... С.215
325 _aКопия доступна в Электрон. б-ке РНБ
510 1 _aBeschreibung und Erklärung de Feuerwercks und der Illumination welche in Moskau nach glücklicher und höchsterfreulicher Ankunfft Ihro Majestät der allerdurchlauchtigsten, grobmächtigsten und unüberwindlichsten Kayserin Elisabeth Petrowna, Selbstherrscherin aller Reußen &c. &c. &c.
_zger
620 _dСанкт-Петербург
700 1 _4070
_7ca
_8rus
_aШтелин
_bЯ. Я.
_f1709-1785
_gЯков Яковлевич
_997984
_3RU\NLR\AUTH\77115059
702 0 _4420
_7ca
_8rus
_aЕлизавета Петровна
_cимператрица российская
_f1709-1762
_9118551
_3RU\NLR\AUTH\778655
712 0 2 _4610
_aАкадемическая типография
_cПетербург
_9303965
_3RU\NLR\AUTH\8815379
790 0 _6z01702
_aЕлиcавета Петровна
801 0 _aRU
_bNLR
_c19990819
852 _aNLR
_j18.330.7
856 0 _uhttp://vivaldi.nlr.ru/bx000074912/view
856 1 _uhttp://vivaldi.nlr.ru/bx000074912/cover
856 2 _uhttp://vivaldi.nlr.ru/bx000074912/text
899 _aБАН
942 _cBOOK
980 _aNB
980 _aA1XVIIIv
981 2 2 _a(22) Материалы по истории России
_b(22) Российский императорский дом
981 2 0 _a(20) Книжные памятники РНБ
_b(20) Русский книжный фонд